Devine le joueur de football selon ses clubs #8 - Statistiques

Statistiques générales
  • Ce quiz a été pris 430 fois
  • Le résultat moyen est 5 sur 7
Statistiques - réponses
1er club 2ème club 3ème club 4ème club Joueurs % Correct
Real Sociedad Atlético de Madrid FC Barcelone Atlético de Madrid Antoine Griezmann
98%
Rennes Dortmund FC Barcelone PSG Ousmane Dembélé
94%
Instituto de Cordoba US Palerme Juventus FC AS Rome Paulo Dybala
74%
Sao Paulo FC Real Madrid FC Porto (prêt) Manchester United Casemiro
61%
Real Betis Elche CF SSC Naples PSG Fabian Ruiz
61%
RCD Majorque Real Madrid RCD Espanyol (prêt) PSG Marco Asensio
45%
CA Penarol Real Madrid Castilla Deportivo La Corogne Real Madrid Frederico Valverde
30%
Aucun quiz correspondant
Distribution des résultats
% des personnes avec chaque résultat
Percentile par nombre de réponses
Votre historique - résultats
Vous n’avez pas pris ce quiz